Total Drama World Tour Eliminations - Statistics

General Stats
  • This quiz has been taken 664 times
  • The average score is 18 of 19
Answer Stats
Placement Answer % Correct
Return Duncan
98%
5 Duncan
98%
3 Cody
96%
18 Ezekiel
96%
1/2 Heather
96%
8 Owen
96%
6/7 Courtney
95%
1/2 Alejandro
94%
9 Gwen
94%
4 Sierra
94%
12 DJ
93%
17 Harold
93%
14 Lindsay
93%
11 Noah
93%
10 Tyler
93%
15 Leshawna
92%
16 Bridgette
91%
13 Izzy
89%
6/7 Blaineley
70%
No matching quizzes found
Score Distribution
Percent of People with Each Score
Percentile by Number Answered
Your Score History
You have not taken this quiz